Normale Ansicht MARC-Ansicht ISBD

Charakterbilder aus der Geschichte und Sage (Titelsatznr. 80423)

[ MARC ]
MARC-Details
000 -Satzkennung
Kontrollfeld mit fester Länge 01103cam a22003132 c4500
001 - Kontrollnummer
Kontrollfeld 234988495
003 - Kontrollnummer Identifier
Kontrollfeld DE-627
005 - Datum und Zeit der letzten Transaktion
Kontrollfeld 20201217134747.0
007 - Feld mit fester Länge zur physischen Beschreibung - Allgemeine Information
Kontrollfeld mit fester Länge tu
008 - Feld mit fester Länge zur physischen Beschreibung - Allgemeine Angaben
Kontrollfeld mit fester Länge 971001s1869 xx ||||| 00| ||ger c
035 ## - Systemkontrollnummer
System-Kontrollnummer (DE-627)234988495
035 ## - Systemkontrollnummer
System-Kontrollnummer (DE-599)GBV234988495
035 ## - Systemkontrollnummer
System-Kontrollnummer (OCoLC)258680660
040 ## - Katalogisierungsquelle
Original-Katalogisierungsstelle DE-627
Katalogisierungssprache ger
Übertragungsstelle DE-627
Beschreibungsfestlegungen rakwb
Bearbeitungsstelle StAFF
041 ## - Sprachcode
Sprachcode des Textes/der Tonspur oder des separaten Titels ger
044 ## - Ländercode der veröffentlichenden/herstellenden Stelle
ISO-Ländercode XA-DXDE
245 10 - Titel
Titel Charakterbilder aus der Geschichte und Sage
Zusatz zum Titel für einen propädeutischen Geschichtsunterricht
Zählung des Teils/der Abteilung eines Werkes Erster Theil
Titel eines Teils/einer Abteilung eines Werkes Die vorchristliche Zeit / [Grube, A. W.]
Verfasserangabe etc. gesammelt, bearbeitet und gruppirt von A. W. Grube
250 ## - Ausgabebezeichnung
Ausgabebezeichnung Dreizehnte Auflage
260 ## - Publikation, Vertrieb usw.
Erscheinungsort, Vertriebsort etc. Leipzig
Name des Verlags, des Vertriebs etc. Friedrich Brandstetter
Erscheinungsjahr, Vertriebsjahr etc. 1869
264 #1 - Produktion, Veröffentlichung, Distribution, Herstellung und Urheberrechtsvermerk
Herstellungs-, Veröffentlichungs- Vertriebs-, Erzeugungsort Leipzig
Produzent, Herausgeber, Distributor, Hersteller Brandstetter
Datum der Herstellung, der Veröffentlichung, des Vertriebs oder des Urheberschutzvermerks 1869
300 ## - Physische Beschreibung
Umfang 402 Seiten
336 ## - Inhaltstyp
Inhaltstypterm Text
Inhaltstypcode txt
Quelle rdacontent
337 ## - Medientyp
Bezeichnung des Medientyps ohne Hilfsmittel zu benutzen
Medientypcode n
Quelle rdamedia
338 ## - Datenträgertyp
Datenträgertypbezeichnung Band
Datenträgertypcode nc
Quelle rdacarrier
951 ## - EQUIVALENCE OR CROSS-REFERENCE--GEOGRAPHIC NAME/AREA NAME [OBSOLETE] [CAN/MARC only]
Geografischer Name MV
700 1# - Nebeneintragung - Personenname
Personenname Grube, August W.
Datumsangaben in Verbindung mit einem Namen 1816-1884
IDN des Normdatensatzes oder Standardnummer (DE-588)118542761
-- (DE-627)079341551
-- (DE-576)161217044
Code für Beziehungskennzeichnung oth
773 18 - Übergeordnete Einheit
Datensatzkontrollnummer (DE-627)138239312
Verknüpfungsangaben Theil 1
Zählung und erste Seite 1.1869
942 ## - Zusätzliche Felder (Koha)
Klassifikation oder Aufstellungssystematik Andere/Generische Klassifikation
Koha-Medientyp Bücher
Exemplare
Ausgeschieden Verloren Klassifikation oder Aufstellungssystematik Beschädigt Nicht entleihbar Heimatbibliothek Aufenthaltsbibliothek Aufstellungsort Erwerbungsdatum Kodierter Standort-Qualifier Anzahl Ausleihen Signatur Letzte Aktivität Exemplarnummer Preis gültig von Koha-Medientyp
    Andere/Generische Klassifikation     Stadtarchiv Frankfurt (Oder) | Archivbibliothek Stadtarchiv Frankfurt (Oder) | Archivbibliothek Magazin 17/12/2020 M   II: 2618.1 17/12/2020 29/2020 17/12/2020 Bücher